000 00442nam a2200181Ia 4500
001 12994
005 20260306163021.0
008 260306t2000||||xx |||||||||||||| ||spa||
041 _aESP
082 _aRD 603
_bM26
100 _aMartínez-Val, José Ma.[ed]
_eAUT
245 0 _aDiccionario enciclopédico de tecnología
260 _c2000
300 _apágs. :
_c24 cm.
650 _aGEN
654 _aCHU
942 _cDIC
_dJUS
_fJUS
_2ddc
_n
999 _c12994
_d12994